000 00973nam a2200265 a 4500
001 2000399
003 AM-YEHGA
005 20250618080158.0
007 ta
008 241101s2024 ai a||||||||||||||0|arm|d
020 _a9789939050225
040 _aAM-YeHGA
041 0 _aarm
044 _6ai
100 1 _aԱլեքսանյան, Արամ
245 1 0 _aՀովհաննես Թումանյանի կենսափիլիսոփայությունը /
_cԱ. Ալեքսանյան.
260 _aԵրևան :
_bՀեղինակային հրատարակություն,
_c2024.
300 _a240 էջ ։
_bլուսանկար ;
_c21 սմ.
504 _aՏողատակում՝ մատենագիտական ծանոթագրություններ։
600 1 4 _aԹումանյան, Հովհաննես Թադևոսի,
_d1869-1923
_91108
650 1 4 _aՀայ անվանի գրողներ
650 1 4 _aՀայ փիլիսոփայական միտքը
942 _2udc
_cBK
090 _c571111
999 _c532217
_d532217